000 00959nam a2200205Ia 4500
003 OSt
005 20210609153009.0
008 210310s2010 cl adb gr 000 0 eng d
040 _aCO-JMCR
_cCO-JMCR
041 0 _aspa
082 0 4 _a333.715 /
_bN124e
_223
110 2 _aNaciones Unidas
_937599
245 1 0 _aEconomics of climate change in Latin America and the Caribbean /
_cNaciones Unidas
260 _aSantiago de Chile :
_bUnited Nations. ECLAC,
_c2010
300 _a107 páginas ;
_c28 cm.
504 _aBibliografía: páginas 105-107
505 0 _aThe economics of climate change: methodological considerations -- The science of climate change -- Climate change in Latin America and the Cariibbean -- Macroeconomic trends -- Climate change in Latin America and the Caribbean: economic impacts and vulnerability -- Emissions in Latin America and the Caribbean
650 1 4 _aEconomía del cambio climático
_915917
_zAmérica Latina
942 _2ddc
_cBK
999 _c7954
_d7954